Human physiology : (رقم التسجيلة. 42693)
[ عرض عادي ]
| 000 -الفاتح | |
|---|---|
| حقل البيانات ثابتة الطول | 01333cam a2200301 i 4500 |
| 003 - محدد رقم الضبط | |
| رقم الضبط | OSt |
| 005 - وقت وتاريخ اخر تعامل مع التسجيلة | |
| رقم الضبط | 20180829191407.0 |
| 008 - عناصر البيانات ثابتة الطول - معلومات عامة | |
| حقل البيانات ثابتة الطول | 140714s2016 maua b 001 0 eng |
| 020 ## - الرقم الدولى المعيارى للكتب | |
| الرقم الدولى المعيارى للكتاب | 9781285866932 |
| 020 ## - الرقم الدولى المعيارى للكتب | |
| الرقم الدولى المعيارى للكتاب | 1285866932 |
| 040 ## - مصدر الفهرسة | |
| وكالة الفهرسة الأصلية | DLC |
| لغة الفهرسة | eng |
| وكالة النسخ | DLC |
| قواعد الوصف | rda |
| وكالة التعديل | DLC |
| 042 ## - رمز التحقق | |
| رمز التحقق | pcc |
| 050 00 - رقم طلب مكتبة الكونجرس | |
| رقم التصنيف | QP34.5 |
| رقم المادة | .S48 2016 |
| 082 00 - رقم تصنيف ديوى العشرى | |
| رقم التصنيف | 612 |
| رقم الطبعة | 23 |
| رقم المادة | SLH |
| 100 1# - المدخل الرئيسى - إسم شخصى | |
| الإسم الشخصى | Sherwood, Lauralee, |
| الدور | author. |
| 9 (RLIN) | 17617 |
| 245 10 - بيان العنوان | |
| العنوان | Human physiology : |
| بقية العنوان | from cells to systems / |
| بيان المسئوليه,etc | Lauralee Sherwood, Department of Physiology and Pharmacology, School of Medicine, West Virginia University. |
| 250 ## - بيان الطبعة | |
| بيان الطبعة | 9th edition. |
| 300 ## - الوصف المادى | |
| التعداد | 1 volume (various pagings) : |
| تفاصيل ماديه اخرى للوعاء | color illustrations ; |
| أبعاد الوعاء | 29 cm. |
| 504 ## - تبصرة ببليوجرافية | |
| تبصرة ببليوجرافية,الخ | Includes bibliographical references and index. |
| 650 #0 - المدخل الاضافى بالموضوع-مصطلح موضوعى | |
| مصطلح موضوعي أو اسم جغرافي كعنصر مدخل | Human physiology. |
| 9 (RLIN) | 64613 |
| 856 42 - الوصول و الموقع الالكترونى | |
| مواد محددة | Contributor biographical information |
| معرف المصدر الموحد | <a href="https://www.loc.gov/catdir/enhancements/fy1613/2014945820-b.html">https://www.loc.gov/catdir/enhancements/fy1613/2014945820-b.html</a> |
| 856 42 - الوصول و الموقع الالكترونى | |
| مواد محددة | Publisher description |
| معرف المصدر الموحد | <a href="https://www.loc.gov/catdir/enhancements/fy1613/2014945820-d.html">https://www.loc.gov/catdir/enhancements/fy1613/2014945820-d.html</a> |
| 856 41 - الوصول و الموقع الالكترونى | |
| مواد محددة | Table of contents only |
| معرف المصدر الموحد | <a href="https://www.loc.gov/catdir/enhancements/fy1613/2014945820-t.html">https://www.loc.gov/catdir/enhancements/fy1613/2014945820-t.html</a> |
| 942 ## - عناصر المدخل الإضافي( كوها) | |
| Koha [default] item type | كتاب |
| 906 ## - عنصر بيانات محلى F, LDF (RLIN) | |
| a | 7 |
| b | cbc |
| c | origcop |
| d | 2 |
| e | ncip |
| f | 20 |
| g | y-gencatlg |
| حالة الفقد | نموذج السعر الفعال | حالة تلف | ليس للاعارة | رقم الطلب | تاريخ الاكتساب | الموقع الحالي | الباركود | الفرع الرئيسي | Date last seen | نوع المادة فى نظام كوها | مصدر التصنيف او خطة الترفيف | Total Checkouts | Date last checked out |
|---|---|---|---|---|---|---|---|---|---|---|---|---|---|
| 2018-08-29 | 612 SLH | 2018-08-29 | المكتبة المركزية بالمجمعة (CL) | 00657562 | المكتبة المركزية بالمجمعة (CL) | 2018-08-29 | كتاب | Dewey Decimal Classification | |||||
| 2018-08-29 | 612 SLH | 2018-08-29 | المكتبة المركزية بالمجمعة (CL) | 00657563 | المكتبة المركزية بالمجمعة (CL) | 2018-08-29 | كتاب | Dewey Decimal Classification | |||||
| 2018-08-29 | 612 SLH | 2018-08-29 | المكتبة المركزية بالمجمعة (CL) | 00657564 | المكتبة المركزية بالمجمعة (CL) | 2018-08-29 | كتاب | Dewey Decimal Classification | |||||
| 2018-09-04 | 612 SLH | 2018-09-04 | مكتبة مجمع الطالبات بالمجمعة (EMF) | 00657811 | مكتبة كلية العلوم الطبية التطبيقية بالمجمعة - طالبات (AMF) | 2025-05-18 | كتاب | Dewey Decimal Classification | 2 | 2025-03-19 | |||
| 2018-09-04 | 612 SLH | 2018-09-04 | مكتبة مجمع الطالبات بالمجمعة (EMF) | 00657812 | مكتبة كلية العلوم الطبية التطبيقية بالمجمعة - طالبات (AMF) | 2025-05-12 | كتاب | Dewey Decimal Classification | 1 | 2025-03-19 |
